Las crísis medievales: 1300-1474
Uloženo v:
| Hlavní autor: | |
|---|---|
| Médium: | Kniha |
| Jazyk: | španělština |
| Vydáno: |
Barcelona, España
Crítica
2008
|
| Edice: | Historia de España,
VIII |
| Témata: | |
| Tagy: |
Přidat tag
Žádné tagy, Buďte první, kdo vytvoří štítek k tomuto záznamu!
|
MARC
| LEADER | 00000cam a2200000 a 4500 | ||
|---|---|---|---|
| 001 | UCE9818 | ||
| 003 | CL-VaPUC | ||
| 005 | 20210605001602.0 | ||
| 008 | 151106e20080000sp |||||||||||||||||spa|d | ||
| 999 | |c 361463 |d 361461 | ||
| 020 | |a 9788484327554 | ||
| 040 | |c Pontificia Universidad Católica de Valparaíso | ||
| 082 | 0 | 4 | |a 946.04 RUI 2008 |2 21 |
| 100 | 0 | |a Ruiz, Teófilo F |e author |9 582771 | |
| 245 | 1 | 4 | |a Las crísis medievales: |b 1300-1474 |
| 260 | |a Barcelona, España |b Crítica |c 2008 | ||
| 300 | |a 308 páginas | ||
| 490 | 0 | |a Historia de España, |v VIII | |
| 583 | |a last modification |c 20151106 14:16:00 |k Rodrigo Vera | ||
| 650 | 0 | |a Historia de España |9 315435 | |
| 650 | 7 | |a ESPAÑA MEDIEVAL |2 CL-VaPUC |9 395710 | |
| 650 | 0 | |a Edad media |z ESPAÑA |9 258041 | |
| 852 | |a BIBCUR | ||
| 942 | |c BK |2 ddc | ||
| 945 | |d 20151106 14:16:00 |a arojas | ||
| 952 | |0 0 |1 0 |2 ddc |3 erd |4 0 |6 946_040000000000000_RUI_2008 |7 0 |8 A |9 472019 |a BIBEDU |b BIBEDU |i 524594K |l 2 |o 946.04 RUI 2008 |p 524594K |r 2025-03-10 |s 2025-03-10 |t 1 |w 2019-11-24 |y BK |z Catalogado en:20151106 |k LIT | ||